|
|
|
|
| LEADER |
01073nam a2200253 u 4500 |
| 001 |
10112708 |
| 003 |
upatras |
| 005 |
20240426130328.0 |
| 008 |
140506s1962 nyu eng d |
| 040 |
|
|
|a GR-PaULI
|b gre
|c GR-PaULI
|e AACR2
|
| 041 |
0 |
|
|a eng
|
| 082 |
0 |
4 |
|a 141.4
|
| 100 |
1 |
|
|a Dewey, John,
|d 1859-1952
|e συγγραφέας
|9 28588
|
| 245 |
1 |
0 |
|a Individualism old and new /
|c John Dewey.
|
| 260 |
|
|
|a New York :
|b Capricorn Books,
|c 1962, c1929.
|
| 300 |
|
|
|a 171 σ. ;
|c 18 εκ.
|
| 650 |
|
4 |
|a Ατομικισμός
|9 25600
|
| 651 |
|
4 |
|a Ηνωμένες Πολιτείες Αμερικής
|x Πολιτισμός
|9 91275
|
| 651 |
|
4 |
|a Ηνωμένες Πολιτείες Αμερικής
|x Κοινωνικές συνθήκες
|9 50918
|
| 852 |
|
|
|a GR-PaULI
|b ΠΑΤΡΑ
|b ΠΤΔΕ
|b ΓΕΡ
|k ΑΣΧΞ
|h 141.4 DEW
|m 10277
|p 025000141066
|t 1
|
| 942 |
|
|
|2 ddc
|c BK15
|
| 952 |
|
|
|0 0
|1 0
|4 0
|6 141_400000000000000_DEW
|7 0
|9 165850
|a PTDE
|b PTDE
|d 2016-04-24
|i 10277
|l 0
|o 141.4 DEW
|p 025000141066
|r 2016-04-24 00:00:00
|t 1
|w 2016-04-24
|y BK15
|
| 998 |
|
|
|c ΤΣΕΝΕ
|d 2014-05
|
| 999 |
|
|
|c 103906
|d 103906
|